000 00333nam a22001457a 4500
003 SGT
020 _a9789388022927
082 _a615
_bCHO
100 _aCHOUHAN DEEPESH
245 _aALL IN ONE TEXTBOOK FOR B. PHARMA
260 _aINDIA
_bIP PUB
_c2025
300 _a189
650 _aPHARMACEUTICAL SCIENCE
942 _2ddc
_cBK
999 _c34247
_d34247